000 00667nam a22002057a 4500
001 86413
003 BD-RjUL
005 20260503123905.0
008 260503s1947 pk ||||| |||| 00| 0 urd d
035 _a(BD-RjUL)86413
040 _aBD-RjUL
_beng
_cBD-RjUL
041 _aurd
082 _223
_a891.43909
_bQAT 1947
100 _a قادری، حامد حسن ;; Qadri, Hamid Hassan
_918293
245 _aتاریخ و تنقید ادبیات اردو ;; taarekh w tanqeed adeyat urdu /
_cحامد حسن قادری ;; Hamid Hassan Qadri
260 _aAgra :
300 _a208 p. ;
_c17 cm
650 _aUrdu Literature
_vHistory & criticism
_918294
942 _2ddc
_cBK
999 _c86413
_d86413